Central Library OPAC University of Rajshahi

মহাজাগতিক মহাকাব্য / (Record no. 39528)

MARC details
000 -LEADER
fixed length control field 01010nam a2200241 a 4500
001 - CONTROL NUMBER
control field 39528
003 - CONTROL NUMBER IDENTIFIER
rucl marc code BD-RjUL
005 - DATE AND TIME OF LATEST TRANSACTION
control field 20211209053017.0
008 - FIXED-LENGTH DATA ELEMENTS--GENERAL INFORMATION
fixed length control field 160504s2010 bg a|||| |||| 001 0 ben d
020 ## - INTERNATIONAL STANDARD BOOK NUMBER
International Standard Book Number 9789848793183
Terms of availability : Tk. 200.00
035 ## - SYSTEM CONTROL NUMBER
System control number (BD-RjUL) 39641
040 ## - CATALOGING SOURCE
Original cataloging agency BD-RjUL
Language of cataloging ben
Transcribing agency BD-RjUL
041 ## - LANGUAGE CODE
Language code of text/sound track or separate title ben
082 ## - DEWEY DECIMAL CLASSIFICATION NUMBER
Edition number 23
Author mark and year BHM 2010
Classification number 809.132
100 ## - MAIN ENTRY--PERSONAL NAME
Personal name ভট্টাচার্য, শিশিরকুমার
9 (RLIN) 121780
245 10 - TITLE STATEMENT
Title মহাজাগতিক মহাকাব্য /
Statement of responsibility, etc. শিশিরকুমার ভট্টাচার্য
260 ## - PUBLICATION, DISTRIBUTION, ETC. (IMPRINT)
Place of publication, distribution, etc. ঢাকা :
Name of publisher, distributor, etc. অবসর প্রকাশনা সংন্থা,
Date of publication, distribution, etc. ২০১০
300 ## - PHYSICAL DESCRIPTION
Pagination ১৬৫ পৃ. :
Illustrations চিত্র ;
Size ২২ সেমি.
500 ## - GENERAL NOTE
General note নির্ঘণ্ট সংযুক্ত
650 ## - SUBJECT ADDED ENTRY--TOPICAL TERM
Topical term or geographic name as entry element এপিক সাহিত্য
General subdivision ইতিহাস ও সমালোচনা
9 (RLIN) 124869
Topical term or geographic name as entry element Epic literature
General subdivision History and criticism
9 (RLIN) 124870
942 ## - ADDED ENTRY ELEMENTS (KOHA)
Source of classification or shelving scheme Dewey Decimal Classification
Koha item type Books
Holdings
Lost status Source of classification or shelving scheme Damaged status Not for loan Collection code Permanent Location Current Location Shelving location Date acquired Source of acquisition Cost, normal purchase price Total Checkouts Full call number Date last seen Copy number Koha item type Date checked out
  Dewey Decimal Classification   Not For Loan Non-fiction Central Library, University of Rajshahi Central Library, University of Rajshahi Reading Room 23/01/2016 Dept. of Mathematics, RU. 200.00   B 809.132 BHM 2010 04/05/2016 C-1 Books  
  Dewey Decimal Classification     Non-fiction Central Library, University of Rajshahi Central Library, University of Rajshahi   23/01/2016 Dept. of Mathematics, RU. 200.00 4 B 809.132 BHM 2010 05/06/2017 C-2 Books 05/06/2017
  Dewey Decimal Classification     Non-fiction Central Library, University of Rajshahi Central Library, University of Rajshahi   27/04/2010 Library, Rajshahi 200.00   B 809.132 BHM 2010 14/08/2016 C-3 Books  
  Dewey Decimal Classification     Non-fiction Central Library, University of Rajshahi Central Library, University of Rajshahi   27/04/2010 Library, Rajshahi 200.00   B 809.132 BHM 2010 06/04/2017 C-4 Books